Company law (Record no. 5623)

MARC details
000 -LEADER
fixed length control field 00536cam a2200217ua 4500
001 - CONTROL NUMBER
control field 6479
005 - DATE AND TIME OF LATEST TRANSACTION
control field 20260515114046.0
008 - FIXED-LENGTH DATA ELEMENTS--GENERAL INFORMATION
fixed length control field 131212n ii |||gr||||Z||||||eng
020 ## - INTERNATIONAL STANDARD BOOK NUMBER
International Standard Book Number 978-81-272-5287-8
040 ## - CATALOGING SOURCE
Transcribing agency MAIN
082 ## - DEWEY DECIMAL CLASSIFICATION NUMBER
Classification number 346.066
245 ## - TITLE STATEMENT
Title Company law
Statement of responsibility, etc. By K.C. Garg
260 ## - PUBLICATION, DISTRIBUTION, ETC.
Place of publication, distribution, etc. Ludhiana:
Name of publisher, distributor, etc. Kalyani publishers,
Date of publication, distribution, etc. 2009.
300 ## - PHYSICAL DESCRIPTION
Extent x,16.15p.
653 ## - INDEX TERM--UNCONTROLLED
Uncontrolled term Commerce
653 ## - INDEX TERM--UNCONTROLLED
Uncontrolled term Company law
700 ## - ADDED ENTRY--PERSONAL NAME
Personal name Garg,K.C.,
Relator term Author.,
700 1# - ADDED ENTRY--PERSONAL NAME
Personal name Gupta,Vijay,
Relator term Author.
700 1# - ADDED ENTRY--PERSONAL NAME
Personal name Chawla,R.C.,
Relator term Author.
942 ## - ADDED ENTRY ELEMENTS (KOHA)
Koha item type Books
Holdings
Withdrawn status Lost status Damaged status Not for loan Home library Current library Shelving location Date acquired Total checkouts Full call number Barcode Date last seen Copy number Price effective from Koha item type
        Naharkatiya College Library Naharkatiya College Library General stacks 09/19/2020   346.066 | GAR 19387 09/19/2020 1 09/19/2020 Books